Longman commercial communication: A intermediate course in English for commercial correspondence and practice

Gespeichert in:
Bibliographische Detailangaben
1. Verfasser: A J Stanton
Format: Buch
Sprache:Undetermined
Veröffentlicht: London Longman 1992
Schlagworte:
Tags: Tag hinzufügen
Keine Tags, Fügen Sie den ersten Tag hinzu!
Thư viện lưu trữ: Trung tâm Học liệu Trường Đại học Cần Thơ
LEADER 00608nam a2200193Ia 4500
001 CTU_35083
008 210402s9999 xx 000 0 und d
020 |b 33.000đ 
082 |a 428.24 
082 |b S792 
100 |a A J Stanton 
245 0 |a Longman commercial communication: A intermediate course in English for commercial correspondence and practice 
245 2 |c A J Stanton, L R Wood 
260 |a London 
260 |b Longman 
260 |c 1992 
650 |a english language - textbooks for foreign speakers 
904 |i Minh, 000218 
980 |a Trung tâm Học liệu Trường Đại học Cần Thơ